00681nam a22001097a 4500040000800000082002600008100003100034245037000065260002600435300002300461856008700484 cRUA aGRS SA 2017 B641 Or.1 aSA HIM សា ហ៊ីម athe 20-20-15+te using on yard long bean at crop research station of the royal university of agriculture ការប្រើប្រាស់ជី២០-២០-15+TE នៅលើដំណាំសណ្តែកកួរនៅស្ថានីពិសោន៍ដំណាំនៃសកលវិទ្យាល័យភូមិន្ទកសិកម្ម  aRUAbPhnom penhc2017 aix;27pbill;c29cm uhttps://drive.google.com/file/d/1zgmFHMRgirVyVJKSnt2OYliq56da_YhH/view?usp=sharing